000 00531nam a2200181 i 4500
001 33900
003 ES-MaACL
007 t|
008 030203s1976 sp ||||1| cat d
100 1 _aBlake, William,
_d1757-1827
_929098
245 1 0 _aLlibres profètics /
_cde William Blake ; selecció María Manent.
250 _a[1ª ed.].
260 _aBarcelona :
_bEdiciones 62,
_c[1976]
300 _a70 p. ;
_c18 cm.
700 1 _aManent, María.
_975976
852 _aES-MaACL
_jE-9655
_bR.94254
999 _c33900
_d33900